Biggest Cities in Landlocked States - Statistics

General Stats
  • This quiz has been taken 87 times
  • The average score is 15 of 20
Answer Stats
Population City % Correct
716,577 Denver
94%
660,929 Las Vegas
93%
510,704 Kansas City
92%
702,767 Oklahoma City
92%
1,650,070 Phoenix
92%
687,788 Nashville
89%
560,274 Albuquerque
84%
622,981 Louisville
83%
618,639 Memphis
83%
483,335 Omaha
78%
411,894 Tulsa
78%
547,239 Tucson
72%
396,119 Wichita
72%
488,664 Colorado Springs
69%
294,757 Lincoln
64%
511,648 Mesa
59%
395,052 Aurora
51%
337,305 Henderson
47%
320,154 Lexington
47%
284,771 North Las Vegas
42%
No matching quizzes found
Score Distribution
Percent of People with Each Score
Percentile by Number Answered
Your Score History
You have not taken this quiz